[Event "IECG CM.2003.0.00235 email"]
[Site "IECG email"]
[Date "2003.11.12"]
[Round "?"]
[White "Dyakov, Alexander V"]
[Black "Mick, Oleg"]
[Result "1-0"]
[WhiteElo "2262"]
[BlackElo "2264"]
[PlyCount "43"]
[EventDate "2003.11.12"]
[EventType "tourn (corr)"]
[EventRounds "6"]
[SourceTitle "Corr 2008"]
[Source "ChessBase"]
[SourceDate "2008.06.24"]
[SourceVersion "1"]
[SourceVersionDate "2008.06.24"]
[SourceQuality "1"]

1. e4 c5 2. Nf3 Nc6 3. d4 cxd4 4. Nxd4 e5 5. Nb5 d6 6. c4 Be7 7. Be2 Be6 8. 0-0 Nf6 9. N1c3 a6 10. Na3 Nd4 11. Be3 Nxe2+ 12. Qxe2 0-0 13. f3 Rc8 14. Rac1 Nh5 15. Qd2 f5 16. Rfd1 Nf4 17. Bxf4 exf4 18. Re1 Bf6 19. exf5 Bxf5 20. Nd5 Be5 21. b4 Qh4 22. c5 1-0